000 00339nam a2200133Ia 4500
008 260604s9999 xx 000 0 und d
020 _a9781284231922
082 _a362.1 HAY
100 _aJoanna hayden
_935748
245 0 _aIntroduction to Health Behavior Theory PB 2023
260 _bJones and Bartlett
500 _aHealth
942 _cBK
999 _c8575
_d8575